BIBLIOTECA

SENCICO

Requerimientos del cemento en los reglamentos de construcción (Registro nro. 3357)

Detalles MARC
000 -LEADER
fixed length control field 00674nam a2200169Ia 4500
005 - DATE AND TIME OF LATEST TRANSACTION
control field 20251020182611.0
008 - FIXED-LENGTH DATA ELEMENTS--GENERAL INFORMATION
fixed length control field 200515s9999 xx 000 0 und d
082 ## - DEWEY DECIMAL CLASSIFICATION NUMBER
Classification number SC/666.947/G69
100 ## - MAIN ENTRY--PERSONAL NAME
Personal name GONZALES DE LA COTERA S., Manuel
245 #0 - TITLE STATEMENT
Title Requerimientos del cemento en los reglamentos de construcción
260 ## - PUBLICATION, DISTRIBUTION, ETC.
Place of publication, distribution, etc. Lima
260 ## - PUBLICATION, DISTRIBUTION, ETC.
Date of publication, distribution, etc. 1998
300 ## - PHYSICAL DESCRIPTION
Extent 50
520 ## - SUMMARY, ETC.
Summary, etc. el Reglamento Nacional de Construcciones y el código de diseño de concreto del American concrete Institute establecen prescripciones que atañen a los cementos e inciden en el desarrollo del producto. Recientemente, se ha introducido el concepto de materia
650 ## - SUBJECT ADDED ENTRY--TOPICAL TERM
Topical term or geographic name entry element CEMENTO
942 ## - ADDED ENTRY ELEMENTS (KOHA)
Koha item type Libros
Existencias
Fecha de la última vez que lo usaron Pago total Signatura topográfica completa Código de barras Precio efectivo desde Tipo de documento Estado perdido Estado dañado No es para préstamo Retirado Ubicación permanente Ubicación actual Fecha de adquisición
15/05/2020   SC/666.947/G69 Bib-Lima15053357 15/05/2020 Libros         Biblioteca Central Lima Biblioteca Central Lima 15/05/2020